Представление документа в формате RUSMARC

ПолеНазваниеЗначение
  Тип записи a
  Библиографический уровень a
001 Контрольный номер RU/CBS_UL/BASE/681826139
005 Дата корректировки 20240209175309.4
100 Данные общей обработки __
a Данные общей обработки 20210809d2021 ||| 0rusy0189 ca
101 Язык документа 0_
a Язык текста rus
102 Страна публикации __
a Страна публикации RU
105 Кодированные данные (монография) __
a Кодированные данные (монография) y###||||000|y
181 Поле кодированных данных: вид содержания _1
a Код вида содержания (ISBD) i#
b Код характеристики содержания (ISBD) #xxe##
d i
g x
h x
i e
182 Поле кодированных данных: тип средства _1
a Код типа средства (ISBD) n
2 Код системы (источник кода, отличный от ISBD) isbdmedia
200 Заглавие и сведения об ответственности 1_
a Заглавие Январские рекорды Саши Большунова
b Общее обозначение материала Текст
e Сведения, относящиеся к заглавию [о российском лыжнике А. Большунове]
f Первые сведения об ответственности А. Любимов
w Текст (визуальный) : непосредственный
203 Вид содержания и тип средства __
a Вид содержания Текст
b Характеристика содержания визуальный
c Тип средства непосредственный
333 Примечание о целевом назначении __
a Примечание о целевом назначении 12+
461 Уровень набора _0
1 2000
a Физкультура и спорт
463 Уровень физической единицы _0
1 001RU/CBS_UL/BASE/681660060
1 2000
a № 3
v С. 4-я стр. обл.
1 210
d 2021
600 Персоналии _0
a Персоналии (Фамилия) Большунов
b Персоналии (Имя, инициалы) А.А.
606 Тематические рубрики 0_
a Основная рубрика Лыжный спорт
606 Тематические рубрики 0_
a Основная рубрика Большунов, Александр Александрович (1996)
610 Ключевые слова 0_
a Ключевые слова лыжный спорт
a Ключевые слова лыжники
a Ключевые слова лыжники российские
a Ключевые слова чемпионы мира
a Ключевые слова четырёхкратные призёры Олимпийских
a Ключевые слова заслуженные мастер спорта России
686 Индексы других классификаций __
a Классификационный индекс 75.719.5
2 Код системы rubbk
700 Автор _1
a Фамилия Любимов
b Имя (инициалы) А.
801 Источник записи _0
a Страна RU
b Организация МБУК ЦБС г. Ульяновска
c Дата составления 20210809
g Правила каталогизации RCR
801 Источник записи _1
a Страна RU
b Организация МБУК ЦБС г. Ульяновска
c Дата составления 20210809
g Правила каталогизации RCR
901 Тип документа __
t Тип документа b
w Контрольный № источника RU/CBS_UL/BASE/681660060
910 Корректоры записи __
a Корректор записи Библиотека 1-2
938 Служебная информация __
a Имя БД period